| 000 | 00725nam a2200301Ia 4500 | ||
|---|---|---|---|
| 001 | 2570 | ||
| 003 | 5178 | ||
| 005 | 20250314062641.0 | ||
| 008 | ||||||n9999 ||| || || | ||
| 041 | _aspa | ||
| 082 |
_219 _a327 |
||
| 110 |
_aOficina Central de Informacion. Venezuela _95003 |
||
| 245 | 0 | _aEl presidente de Colombia en Venezuela | |
| 260 |
_aVenezuela : _bLa Oficina, _c1973. |
||
| 300 | _a155p | ||
| 562 | _e1 | ||
| 650 | 0 |
_aCOLOMBIA _95025 |
|
| 650 | 0 |
_aPolĂtica internacional _92881 |
|
| 650 | 0 |
_aRelaciones internacionales _9511 |
|
| 650 |
_aVENEZUELA _9202 |
||
| 942 | _cBKM | ||
| 999 |
_c2570 _d2570 |
||
| 526 | _a4969 | ||
| 526 | _a19790 | ||
| 526 | _a104436 | ||
| 526 | _a5144 | ||
| 526 | _a51868 | ||
| 526 | _a1697 | ||